Health and illness/ (Record no. 6442)

MARC details
000 -LEADER
fixed length control field 00551nam a22002177a 4500
003 - CONTROL NUMBER IDENTIFIER
control field OSt
005 - DATE AND TIME OF LATEST TRANSACTION
control field 20200122110311.0
008 - FIXED-LENGTH DATA ELEMENTS--GENERAL INFORMATION
fixed length control field 200122b ||||| |||| 00| 0 eng d
020 ## - INTERNATIONAL STANDARD BOOK NUMBER
International Standard Book Number 0333662490
040 ## - CATALOGING SOURCE
Transcribing agency 040a
082 ## - DEWEY DECIMAL CLASSIFICATION NUMBER
Classification number 362
Item number SEN1998
100 ## - MAIN ENTRY--PERSONAL NAME
Relator code Senior, Michael
245 ## - TITLE STATEMENT
Title Health and illness/
Statement of responsibility, etc. Michael Senior, Bruce Viveash
260 ## - PUBLICATION, DISTRIBUTION, ETC. (IMPRINT)
Place of publication, distribution, etc. New York
Name of publisher, distributor, etc. Palgrave
Date of publication, distribution, etc. 1998
300 ## - PHYSICAL DESCRIPTION
Extent x, 3660p;
Other physical details ill:
Dimensions 23 cm.
504 ## - BIBLIOGRAPHY, ETC. NOTE
Bibliography, etc includes references
650 ## - SUBJECT ADDED ENTRY--TOPICAL TERM
Source of heading or term Health
650 ## - SUBJECT ADDED ENTRY--TOPICAL TERM
Source of heading or term Illness
700 ## - ADDED ENTRY--PERSONAL NAME
Relator code Viveash, Bruce
942 ## - ADDED ENTRY ELEMENTS (KOHA)
Source of classification or shelving scheme Dewey Decimal Classification
Koha item type Open Shelf
Holdings
Withdrawn status Lost status Source of classification or shelving scheme Damaged status Not for loan Home library Current library Date acquired Source of acquisition Inventory number Total Checkouts Full call number Barcode Date last seen Price effective from Koha item type
    Dewey Decimal Classification     MUST Main Library MUST Main Library 22/01/2020 Purchase 2003/19575   613 SEN1998 2020-0064 22/01/2020 22/01/2020 Open Shelf
    Dewey Decimal Classification     MUST Main Library MUST Main Library 09/07/2024 Purchase 03/19576   613 SEN1998 2024-21865 09/07/2024 09/07/2024 Open Shelf